000 00673nam a2200241Ia 4500
003 OSt
005 20220927105746.0
006 a|||||r|||| 00| 0
007 ta
008 220926b |||||||| |||| 00| 0 eng d
020 _a9789211013207
024 _a203362
037 _cReference Collections
040 _aRTL
_cRTL
_beng
041 _2eng
_aeng
082 _a"X:77.1, Q5/UN"
100 _aUNITED NATIONS
245 0 _aMillennium development goals report 2015
260 _aNew
_b"York, United Nation Publications, "
_c2015
300 _a72p.
_ccm.
942 _h"X:77.1, Q5/UN"
_cCC
999 _c694438
_d694438